000 00395nam a22001577a 4500
003 OSt
005 20140310182532.0
008 130813t xxu||||| |||| 00| 0 eng d
020 _a0071287434
050 _aRC 871
_b.Sm664 2008
245 _aSmith's general urology /
260 _aUSA :
_bMcGraw-Hill,
_cc2008.
300 _a756 p. :
_bill. ;
_c24 cm.
942 _2lcc
_cSSLC
999 _c14142
_d14142